| 000 | 00335nam a2200133Ia 4500 | ||
|---|---|---|---|
| 005 | 20251222154351.0 | ||
| 008 | 251222s9999||||xx |||||||||||||| ||spa|| | ||
| 020 | _a84-7414 | ||
| 082 | _a150.9/S16 | ||
| 100 | _aSáiz Roca, Milagros | ||
| 245 | 0 | _aHistoria de la Psicología: | |
| 264 | _bEduard Fabregat Editor- AVESTA | ||
| 942 | _cLIB | ||
| 999 |
_c34891 _d34891 |
||